Một cuốn sách chữa lành : Ở bên kia ánh sáng cuộc đời tôi muôn màu
Ghi chép hành trình chữa lành của tác giả Brianna, từ một cô gái trẻ đầy tổn thương học cách vượt qua những biến cố, hàn gắn từng mảnh vỡ trong tâm hồn để trở thành người phụ nữ vững vàng và hạnh phúc trong hiện tại. Bạn sẽ không chi...
Na minha lista:
| Autor principal: | |
|---|---|
| Outros Autores: | |
| Formato: | Livro |
| Idioma: | Vietnamese |
| Publicado em: |
H.
Thế giới
2024
|
| Assuntos: | |
| Tags: |
Adicionar Tag
Sem tags, seja o primeiro a adicionar uma tag!
|
| Thư viện lưu trữ: | Thư viện Trường Đại học Nam Cần Thơ |
|---|
| LEADER | 01558nam a22002177a 4500 | ||
|---|---|---|---|
| 001 | NCT_4_022883 | ||
| 008 | 200617b xxu||||| |||| 00| 0 vie d | ||
| 999 | |c 9120 |d 9120 | ||
| 020 | |a 9786047750733 |c 109000 | ||
| 082 | 0 | 4 | |2 23rd ed. |a 158.1 |b W642 |
| 100 | 0 | |a Wiest, Brianna | |
| 245 | 1 | 0 | |a Một cuốn sách chữa lành : |b Ở bên kia ánh sáng cuộc đời tôi muôn màu |c Brianna Wiest ; Eimii Nguyen (dịch) |
| 260 | |a H. |b Thế giới |c 2024 | ||
| 300 | |a 203 tr. |c 20cm | ||
| 500 | |a Tên sách tiếng Anh: When you're ready, this is how you heal | ||
| 520 | 3 | |a Ghi chép hành trình chữa lành của tác giả Brianna, từ một cô gái trẻ đầy tổn thương học cách vượt qua những biến cố, hàn gắn từng mảnh vỡ trong tâm hồn để trở thành người phụ nữ vững vàng và hạnh phúc trong hiện tại. Bạn sẽ không chỉ tìm thấy những câu chữ xoa dịu tâm hồn mà còn học được cách lắng nghe "giọng nói nội tâm" để buông bỏ những thành kiến cố hữu và thu hút những điều may mắn, tích cực trong cuộc sống | |
| 653 | |a Tham khảo | ||
| 700 | 1 | |a Eimii Nguyen |e Dịch | |
| 942 | |2 ddc |c BK | ||
| 952 | |0 0 |1 0 |2 ddc |4 0 |6 158_100000000000000_W642 |7 0 |9 30956 |a 000001 |b 000001 |d 2025-06-25 |o 158.1 W642 |p TK.05476 |r 2025-06-25 |v 109000.00 |w 2025-06-25 |y BK | ||
| 980 | |a Thư viện Trường Đại học Nam Cần Thơ | ||


